000 00257nam a22001217a 4500
008 181224b xxu||||| |||| 00| 0 eng d
041 _aeng
080 _a371
100 _a46
101 _aEDU
245 _aMethods of Inquiry
_cHeiman,M
942 _2udc
_cBK
999 _c53724
_d53724